HP7 quiz Stats

 Plays Quiz not verified by Sporcle

Challenge
Share
Tweet
Embed
Score 0/14 Timer 08:00
0 Plays Today
answer the questions answers % Correct
muggle studies teachercharity burbage
62.5%
what is written on Dobbys gravestonehere lies dobby, a free elf
62.5%
date James and Lily die31 october 1981
31.3%
what is on Xenophilius lovegoods wall?erumpent horn
25%
colour robes of magical maitenencenavy blue
18.8%
harrys and hagrid's portkey to the burrowsilver backed hairbrush
6.3%
what curses are on the items in lestranges vaultgemino and flagrante
6.3%
answer the questions answers % Correct
what level is on umbridges office?one
6.3%
may born witches....what?marry muggles
6.3%
who made the first golden snitchbowman wright
0%
where do bill and fleur liveShell cottage, tinworth
0%
what is on level 8 of the MOMatrium
0%
what year did wizards go into hiding1689
0%
what is dracos and made fromhawthorn and unicorn hair
0%

You're not logged in!

Compare scores with friends on all Sporcle quizzes.
OR
Log In

You Might Also Like...

Show Comments

Extras

Created Jul 27, 2010ReportNominate

Top Quizzes Today


Score Distribution

Your Account Isn't Verified!

In order to create a playlist on Sporcle, you need to verify the email address you used during registration. Go to your Sporcle Settings to finish the process.

Report this User

Report this user for behavior that violates our Community Guidelines.

Details: